000
00306 a2200109 4500
001
ART_30611
005
20260410162002.0
008
260409a
245
1
0
_a
La mediación
100
1
_a
Giavarino, Magdalena Beatriz
773
0
_t
Foro económico
_g
- Año II, Nº 3 (nov. 1996)
_w
REV30369
999
_c
31415
_d
31415